000 00700nam a2200277Ia 4500
005 20260324131420.0
008 008 260324s9999 xx 000 0 eng d
020 _a9780203087251
037 _aEBOOK
040 _aCRL
040 _beng
040 _cCRL
041 _2eng
041 _aeng
084 _qCRL
100 _aDavid Bloom; Manuel Agosin; George Chapelier; Jagdish Saigal
_91185438
245 0 _aSolving the Riddle of Globalization and Development
260 _bTaylor and Francis
260 _c2006
365 _a
365 _b255
856 _uhttp://www.taylorfrancis.com/books/9780203087251
942 _cEBOOK
999 _c1782551
_d1782551